Nghệ thuật thăng tiến : (Văn hóa giao tiếp nơi công sở) /

Để leo lên vị trí cao hơn - bạn đừng coi đó là một việc khó; Để cấp trên tín nhiệm bạn; Hãy "vuốt mông ngựa" một cách khéo léo.

Đã lưu trong:
書目詳細資料
主要作者: Lưu Quân Sư.
其他作者: Nguyễn Văn Dũng (biên dịch.)
格式: 圖書
語言:Vietnamese
出版: Hà Nội : Văn hóa - Thông tin, 2004.
主題:
標簽: 添加標簽
沒有標簽, 成為第一個標記此記錄!
Thư viện lưu trữ: Mạng thư viện Đại học Đà Nẵng
LEADER 01384cam a2200373 a 4500
001 000044484
003 2868
005 20060427091026.0
008 010220b2004 vm 000 vie
020 |c 40000 
040 |a LRC  |c LRC  |d LRC 
041 1 |a vie 
082 1 4 |a 302.5  |b LƯ-S 
100 1 |a Lưu Quân Sư. 
245 1 0 |a Nghệ thuật thăng tiến :  |b (Văn hóa giao tiếp nơi công sở) /  |c Lưu Quân Sư ; Biên dịch : Nguyễn Văn Dũng. 
260 |a Hà Nội :  |b Văn hóa - Thông tin,  |c 2004. 
300 |a 397 tr. ;  |c 19 cm. 
520 3 |a Để leo lên vị trí cao hơn - bạn đừng coi đó là một việc khó; Để cấp trên tín nhiệm bạn; Hãy "vuốt mông ngựa" một cách khéo léo. 
630 0 4 |a Giao tiếp. 
630 0 4 |a Thăng tiến. 
650 0 4 |a Giao tiếp  |x Xã hội. 
700 1 |a Nguyễn Văn Dũng,  |e biên dịch. 
OWN |a DUT 
AVA |a UDN50  |b DUT  |c Book  |d 302.5 LƯ-S  |e available  |t Error 5001 Not defined in file expand_doc_bib_avail.  |f 3  |g 0  |h N  |i 0  |j SH  |k 1 
999 |a From the UDN01 
AVA |a UDN50  |b DUT  |c Book  |d 302.5 LƯ-S  |e available  |t Error 5001 Not defined in file expand_doc_bib_avail.  |f 3  |g 0  |h N  |i 0  |j SH  |k 1 
TYP |a Monograph 
TYP |a Printed language 
980 |a Mạng thư viện Đại học Đà Nẵng